Helado y patatas fritas : una denuncia de la explotación sexual de los niños /
La presente obra es una denuncia a los abusos sexuales que los niños camboyanos sufren debido a la pobreza y corrupción que se vive en ese país. La narración es desde la experiencia personal del autor como activista en campaña de lucha contra el abuso de niños en el tercer mundo.
Guardado en:
| Hovedforfatter: | |
|---|---|
| Format: | Bog |
| Sprog: | spansk |
| Udgivet: |
Barcelona, España :
Plaza y Janés,
2003, c2003
|
| Fag: | |
| Tags: |
Ingen Tags, Vær først til at tagge denne postø!
|
MARC
| LEADER | 00000nam^a2200000^a^4500 | ||
|---|---|---|---|
| 001 | 000156470 | ||
| 005 | 20250521000000.0 | ||
| 009 | 20260310100504.636 | ||
| 020 | |a 84-01-37843-5 | ||
| 037 | |a Acervo ITESO - Biblioteca | ||
| 041 | |a ESP | ||
| 082 | |a 364. 1555409596 |b ZIN | ||
| 100 | |a Zin, Hernán |e (autor) | ||
| 245 | 1 | 0 | |a Helado y patatas fritas : |b una denuncia de la explotación sexual de los niños / |c H. Zin. |
| 264 | 4 | |a Barcelona, España : |b Plaza y Janés, |c 2003, c2003 | |
| 300 | |a 187 p. | ||
| 336 | |a texto |b txt |2 rdacontenido | ||
| 337 | |a sin mediación |b n |2 rdamedio | ||
| 338 | |a volumen |b nc |2 rdasoporte | ||
| 520 | |a La presente obra es una denuncia a los abusos sexuales que los niños camboyanos sufren debido a la pobreza y corrupción que se vive en ese país. La narración es desde la experiencia personal del autor como activista en campaña de lucha contra el abuso de niños en el tercer mundo. | ||
| 649 | |a XX | ||
| 650 | |a Niños Camboyanos - |x Condiciones Sociales y Culturales | ||
| 650 | |a Niños Camboyanos - |x Condiciones Jurídicas | ||
| 650 | |a Niños de la Calle - |z Camboya | ||
| 650 | |a Marginados Sociales - |x Camboya | ||
| 650 | |a Prostitución Infantil - |z Camboya | ||
| 650 | |a Prostitución - |z Camboya | ||
| 650 | |a Maltrato Infantil - |z Camboya | ||
| 650 | |a Abuso Sexual - |z Camboya | ||
| 650 | |a Turistas - |z Camboya - |x Condiciones Psicológicas | ||
| 650 | |a Turistas - |z Camboya - |x Condiciones Jurídicas | ||
| 650 | |a Policía - |z Camboya - |x Aspectos Eticos | ||
| 650 | |a Etica Profesional - |z Camboya | ||
| 650 | |a Corrupción - |z Camboya | ||
| 650 | |a Pobreza - |z Camboya | ||
| 650 | |a Delitos Sexuales - |z Camboya | ||
| 650 | |a Delitos contra la Persona - |z Camboya | ||
| 650 | |a Problemas Sociales - |z Camboya | ||
| 650 | |a Justicia e Injusticia - |z Camboya | ||
| 650 | |a Justicia - |x Administración - |z Camboya | ||
| 650 | |a Criminología | ||
| 650 | |a Derecho Procesal Penal | ||
| 650 | |a Derecho Penal | ||
| 650 | |a Organizaciones Internacionales - |z Camboya | ||
| 650 | |a Cooperación Internacional - |z Camboya | ||
| 650 | |a Reportaje Periodístico | ||
| 650 | |a Periodismo de Investigación | ||
| 650 | |a Medios Impresos | ||
| 650 | |a Medios de Comunicación | ||
| 650 | |a Comunicación Masiva | ||
| 650 | |a Camboya - |x Condiciones Sociales y Culturales |y Condiciones Sociales y Culturales | ||
| 650 | |a Camboya - |x Condiciones Jurídicas | ||
| 650 | |a Países Subdesarrollados | ||
| 910 | |a Fondo General | ||
| 920 | |a Impresos - Libros | ||
| 930 | |a Colección General | ||
| 905 | |a 101 | ||
| 901 | |a 0500084600 |b IT1 |c ACC |u 20250521 | ||
| 902 | |a https://opac.biblio.iteso.mx/vufind/Record/000156470 | ||